[Event "HUN-chT5"]
[Site "Hungary"]
[Date "2023.02.11"]
[Round "7.7"]
[White "Szekeres, Szilvia"]
[Black "Bagoly, Adrian"]
[Result "1-0"]
[WhiteElo "1317"]
[BlackElo "1327"]
[PlyCount "101"]
[EventDate "2022.12.03"]
[EventType "team-tourn"]
[EventRounds "9"]
[EventCountry "HUN"]
[SourceTitle "EXT 2024"]
[Source "ChessBase"]
[SourceDate "2023.10.10"]
[SourceVersion "1"]
[SourceVersionDate "2023.10.10"]
[SourceQuality "1"]

1. e4 e6 2. d4 d5 3. e5 c5 4. c3 Qb6 5. Nf3 Nc6 6. Be2 Nge7 7. 0-0 Nf5 8. dxc5 Bxc5 9. b4 Be7 10. Nbd2 a6 11. Nb3 0-0 12. a3 Bd7 13. Bd3 f6 14. Bxf5 exf5 15. Qxd5+ Kh8 16. Qxd7 fxe5 17. Qd1 Rad8 18. Qe2 e4 19. Be3 exf3 20. Qxf3 Qc7 21. Bc5 Bxc5 22. Nxc5 Qc8 23. Rfe1 Rfe8 24. Rad1 Rxe1+ 25. Rxe1 b6 26. Nb3 Re8 27. Rxe8+ Qxe8 28. Kf1 Ne7 29. Nd4 Qc8 30. g3 g6 31. Qe3 Qc7 32. Ne6 Qc4+ 33. Kg1 Nc6 34. Ng5 b5 35. Qe8+ Kg7 36. Qd7+ Kf6 37. Nxh7+ Ke5 38. Qg7+ Ke4 39. Ng5+ Kd3 40. Qxg6 Qxc3 41. Qxf5+ Ke2 42. Qe4+ Kd2 43. Nf3+ Kd1 44. Qe3 Kc2 45. Qxc3+ Kxc3 46. h4 Ne7 47. g4 Kd3 48. Kg2 Ke4 49. Kg3 Nd5 50. h5 Nf6 51. Ng5+ 1-0

[Event "HUN-chT5"]
[Site "Hungary"]
[Date "2023.01.07"]
[Round "4.8"]
[White "Kamondi, Peter"]
[Black "Bagoly, Adrian"]
[Result "1/2-1/2"]
[WhiteElo "1411"]
[BlackElo "1327"]
[PlyCount "57"]
[EventDate "2022.12.03"]
[EventType "team-tourn"]
[EventRounds "9"]
[EventCountry "HUN"]
[SourceTitle "EXT 2024"]
[Source "ChessBase"]
[SourceDate "2023.10.10"]
[SourceVersion "1"]
[SourceVersionDate "2023.10.10"]
[SourceQuality "1"]

1. d4 d5 2. Nf3 Nf6 3. c4 e6 4. Nc3 b6 5. Bf4 Bd6 6. Bxd6 Qxd6 7. e3 Bb7 8. cxd5 exd5 9. Rc1 c6 10. Bd3 0-0 11. 0-0 Nbd7 12. Re1 Rfe8 13. Qc2 c5 14. dxc5 Nxc5 15. h3 Qd8 16. Bb5 Re7 17. Nd4 g6 18. f3 Ne6 19. Rcd1 Rc8 20. Nxe6 Rxe6 21. Qd3 Ba8 22. e4 Bb7 23. exd5 Rxe1+ 24. Rxe1 Bxd5 25. Nxd5 Qxd5 26. Qxd5 Nxd5 27. Ba6 Rc7 28. a3 Kg7 29. Re2 1/2-1/2

[Event "HUN-chT4a 1819"]
[Site "Hungary"]
[Date "2019.02.09"]
[Round "7.1"]
[White "Bagoly, Adrian"]
[Black "Bodor, Andras"]
[Result "1-0"]
[WhiteElo "1001"]
[BlackElo "1464"]
[PlyCount "97"]
[EventDate "2018.10.06"]
[EventType "team-tourn"]
[EventRounds "9"]
[EventCountry "HUN"]
[SourceTitle "EXT 2020"]
[Source "ChessBase"]
[SourceDate "2019.10.17"]
[SourceVersion "1"]
[SourceVersionDate "2019.10.17"]
[SourceQuality "1"]
[WhiteTeam "Janossomorja II"]
[BlackTeam "KSE Level II"]
[WhiteTeamCountry "HUN"]
[BlackTeamCountry "HUN"]

1. Nf3 d5 2. d4 Nf6 3. Nc3 e6 4. a3 c5 5. e3 b6 6. Be2 Bb7 7. 0-0 Bd6 8. g3 0-0 9. Qe1 Nbd7 10. Bb5 a6 11. dxc5 bxc5 12. Be2 Ra7 13. Qd2 Qa8 14. Qd1 Ne5 15. Kg2 Rd8 16. b3 Nxf3 17. Bxf3 d4 18. exd4 cxd4 19. Na4 e5 20. Nb6 Qb8 21. Bg5 Bxf3+ 22. Qxf3 Qxb6 23. Bxf6 gxf6 24. Qxf6 Qb7+ 25. Kg1 Qe7 26. Qf5 Qe6 27. Qg5+ Qg6 28. Qxd8+ Kg7 29. Ra2 h5 30. b4 Be7 31. Qb8 Rd7 32. Qxe5+ Bf6 33. Qf4 Rd5 34. a4 Bg5 35. Qc7 h4 36. c4 Rf5 37. Qc8 h3 38. c5 d3 39. c6 Rd5 40. c7 d2 41. Qxh3 d1Q 42. c8Q Qxf1+ 43. Qxf1 Rd8 44. Qc3+ Bf6 45. Qc6 Rh8 46. Qd1 Rd8 47. Rd2 Rh8 48. Qg2 Bc3 49. Rd6 1-0

[Event "HUN-chT4a 1819"]
[Site "Hungary"]
[Date "2019.01.12"]
[Round "5.2"]
[White "Bagoly, Adrian"]
[Black "Szabo, Tamas1111"]
[Result "0-1"]
[WhiteElo "1001"]
[BlackElo "1455"]
[PlyCount "88"]
[EventDate "2018.10.06"]
[EventType "team-tourn"]
[EventRounds "9"]
[EventCountry "HUN"]
[SourceTitle "EXT 2020"]
[Source "ChessBase"]
[SourceDate "2019.10.17"]
[SourceVersion "1"]
[SourceVersionDate "2019.10.17"]
[SourceQuality "1"]
[WhiteTeam "Janossomorja II"]
[BlackTeam "Mosonmagyarovar Feher"]
[WhiteTeamCountry "HUN"]
[BlackTeamCountry "HUN"]

1. Nf3 d5 2. d4 Nf6 3. Nc3 e6 4. a3 c5 5. e3 Nc6 6. Bb5 Bd7 7. dxc5 Bxc5 8. b4 Bd6 9. 0-0 0-0 10. Bxc6 Bxc6 11. b5 Bd7 12. e4 Qc7 13. Qe1 dxe4 14. Nxe4 Be7 15. a4 Qxc2 16. Nxf6+ Bxf6 17. Ba3 Rfd8 18. Qd1 Qxd1 19. Raxd1 a6 20. Bc5 Be8 21. Rd2 Rxd2 22. Nxd2 axb5 23. axb5 Bxb5 24. Rb1 Ra1 25. g3 Rxb1+ 26. Nxb1 Bd3 27. Nd2 b5 28. Kg2 Bc3 29. Nb3 e5 30. Nc1 Bc4 31. Kf3 f5 32. Ke3 b4 33. f4 e4 34. h3 Kf7 35. g4 g6 36. g5 Ke6 37. Bd4 Bxd4+ 38. Kxd4 b3 39. Nxb3 Bxb3 40. Ke3 Kd5 41. h4 Bd1 42. Kd2 Kd4 43. Kxd1 Kd3 44. Ke1 Ke3 0-1

[Event "HUN-chT4a 1819"]
[Site "Hungary"]
[Date "2019.01.12"]
[Round "6.5"]
[White "Konczol, Tamas"]
[Black "Bagoly, Adrian"]
[Result "1-0"]
[WhiteElo "1523"]
[BlackElo "1001"]
[PlyCount "57"]
[EventDate "2018.10.06"]
[EventType "team-tourn"]
[EventRounds "9"]
[EventCountry "HUN"]
[SourceTitle "EXT 2020"]
[Source "ChessBase"]
[SourceDate "2019.10.17"]
[SourceVersion "1"]
[SourceVersionDate "2019.10.17"]
[SourceQuality "1"]
[WhiteTeam "Lovo Sopron"]
[BlackTeam "Janossomorja II"]
[WhiteTeamCountry "HUN"]
[BlackTeamCountry "HUN"]

1. e4 e5 2. f4 d6 3. Bc4 Be6 4. Bxe6 fxe6 5. d4 Nc6 6. Nf3 Nf6 7. Nc3 Be7 8. dxe5 dxe5 9. Qxd8+ Rxd8 10. 0-0 0-0 11. fxe5 Bc5+ 12. Kh1 Ng4 13. h3 Ngxe5 14. Bg5 Rd7 15. a3 Bd4 16. Nxd4 Rxf1+ 17. Rxf1 Nxd4 18. Rf2 Ndc6 19. b3 Nf7 20. Bh4 Na5 21. Kh2 Rd4 22. Re2 Ne5 23. Nb5 Rd1 24. Nxc7 Rd6 25. Nb5 Ra6 26. Rd2 Ng6 27. Rd8+ Nf8 28. Be7 Rb6 29. Rxf8# 1-0